| 000 | 00368cam a2200145ua 4500 | ||
|---|---|---|---|
| 041 |
_aeng _h |
||
| 082 |
_a891.58 _bARB/CL |
||
| 100 | _aArberry, A J . | ||
| 245 |
_aClassical persian literature / _cA J Arberry. _hTextual Documents |
||
| 260 |
_aLondon : _bGeorge Allen & Unwin Ltd , _c1958. |
||
| 300 | _a464 ; . | ||
| 504 | _a | ||
| 942 | _cBK | ||
| 999 |
_c3704 _d3704 |
||